Pares de los países cuyas fronteras más largas están entre sí - Estadísticas

Estadísticas generales
  • Esta prueba ha sido intentada 119 veces
  • La puntuación promedio es 46 de 64
Estadísticas de respuestas
país % Correcto
Argentina
100%
Chile
100%
Brasil
99%
Canadá
98%
Estados Unidos
98%
China
93%
Rusia
92%
Bolivia
90%
Alemania
89%
España
89%
India
89%
Kazajistán
87%
Mongolia
87%
Portugal
87%
Argelia
86%
Congo (Rep Dem)
86%
Marruecos
86%
Sudán
86%
Sudáfrica
84%
Italia
82%
Suecia
80%
Angola
78%
Noruega
78%
Suiza
77%
Malí
75%
Mauritania
75%
Sudán del Sur
75%
Etiopía
73%
Bangladés
72%
Nigeria
72%
Somalia
72%
Arabia Saudita
71%
Botsuana
70%
Mozambique
70%
Chequia
69%
Vietnam
69%
Yemen
69%
Honduras
67%
Laos
67%
Panamá
67%
Turquía
67%
Camerún
66%
Costa Rica
66%
Haití
66%
Nicaragua
66%
República Dominicana
66%
Siria
66%
Hungría
64%
Bosnia y Herzegovina
63%
Croacia
63%
Kenia
63%
Uganda
63%
Eslovaquia
60%
Irlanda
59%
Reino Unido
59%
Indonesia
58%
Malasia
58%
Malaui
55%
Ghana
52%
Togo
48%
Azerbaiyán
39%
Armenia
37%
Costa de Marfil
37%
Liberia
35%
No se encontraron pruebas coincidentes
Distribución de puntuación
Porcentaje de gente con cada puntuación
Porcentaje por número respondido
Historial de tus puntuaciones
No has intentado esta prueba.